[Event "BCF-chT2b 1920 (4NCL)"]
[Site "Daventry"]
[Date "2020.02.29"]
[Round "1.82"]
[White "Jayawarna, Nugith"]
[Black "Tukpetov, Evgeny"]
[Result "1-0"]
[WhiteElo "2049"]
[BlackElo "2195"]
[PlyCount "95"]
[EventDate "2020.01.11"]
[EventType "team-tourn"]
[EventRounds "11"]
[EventCountry "ENG"]
[SourceTitle "CBM 195 Extra"]
[Source "ChessBase"]
[SourceDate "2020.05.31"]
[SourceVersion "1"]
[SourceVersionDate "2020.05.31"]
[SourceQuality "1"]
[WhiteTeam "Manchester Manticores"]
[BlackTeam "Kings Head"]
[WhiteTeamCountry "ENG"]
[BlackTeamCountry "ENG"]

1. c4 g6 2. g3 Bg7 3. Bg2 Nc6 4. Nc3 e5 5. e4 d6 6. Nge2 Bg4 7. f3 Be6 8. d3 Qd7 9. Nd5 Nce7 10. Be3 c6 11. Ndc3 Bh3 12. 0-0 Bxg2 13. Kxg2 Nf6 14. d4 0-0 15. dxe5 dxe5 16. Qxd7 Nxd7 17. Rfd1 Rfd8 18. b3 Kf8 19. h4 Ke8 20. h5 b6 21. hxg6 hxg6 22. a4 Nc5 23. Nc1 Rxd1 24. Nxd1 Rd8 25. Nb2 Ne6 26. a5 Nd4 27. Bxd4 Rxd4 28. axb6 axb6 29. Ncd3 Nc8 30. Kf1 f5 31. exf5 gxf5 32. Nxe5 Rd2 33. Na4 Bxe5 34. Re1 Rd3 35. Rxe5+ Kd7 36. Rxf5 Rxb3 37. c5 Rb1+ 38. Ke2 bxc5 39. Nxc5+ Ke7 40. Ke3 Rb5 41. Kf4 Nb6 42. Re5+ Kf7 43. Ne4 Nd5+ 44. Kg5 Kg7 45. f4 Ne3 46. Rc5 Nf1 47. Kh4 Rb3 48. Rxc6 1-0

[Event "BCF-chT2a 1819 (4NCL)"]
[Site "England"]
[Date "2019.02.09"]
[Round "5.42"]
[White "Jayawarna, Nugith"]
[Black "Rocco, Federico"]
[Result "0-1"]
[WhiteElo "2192"]
[BlackElo "2215"]
[PlyCount "98"]
[EventDate "2018.11.10"]
[EventType "team-tourn"]
[EventRounds "11"]
[EventCountry "ENG"]
[SourceTitle "EXT 2021"]
[Source "ChessBase"]
[SourceDate "2020.10.23"]
[SourceVersion "1"]
[SourceVersionDate "2020.10.23"]
[SourceQuality "1"]
[WhiteTeam "Manchester Manticores"]
[BlackTeam "Barnet Knights"]
[WhiteTeamCountry "ENG"]
[BlackTeamCountry "ENG"]

1. c4 Nf6 2. Nc3 e6 3. d4 d5 4. cxd5 exd5 5. Bg5 c6 6. Qc2 Bd6 7. e3 0-0 8. Bd3 h6 9. Bh4 Re8 10. Nf3 Be6 11. Ne5 g5 12. Bg3 Nh5 13. Qe2 Nxg3 14. hxg3 Bf8 15. 0-0-0 Nd7 16. f4 Nxe5 17. dxe5 Qd7 18. Qf2 Bg4 19. Rdf1 Rad8 20. fxg5 h5 21. g6 fxg6 22. Qf6 Bh6 23. Qxg6+ Qg7 24. Rf6 Bxe3+ 25. Kc2 Rxe5 26. Qxg7+ Kxg7 27. Rg6+ Kf7 28. Rf1+ Ke8 29. Rg7 Re7 30. Rxe7+ Kxe7 31. Re1 d4 32. Nd1 Bxd1+ 33. Kxd1 Rg8 34. Be4 Rxg3 35. Rh1 Rg5 36. Bf3 Rc5 37. Rxh5 Rc1+ 38. Ke2 Rc2+ 39. Kd3 Rxb2 40. a4 Kd6 41. g4 Rb3+ 42. Ke4 Bc1 43. Bd1 Rb1 44. Bc2 Rb2 45. Kd3 c5 46. Rh2 Bf4 47. Rf2 Be3 48. Rh2 a6 49. Re2 Kd5 0-1

[Event "BCF-chT2 1718 (4NCL) Promotion pool"]
[Site "England"]
[Date "2018.03.18"]
[Round "8.34"]
[White "Jayawarna, Nugith"]
[Black "Kemp, Peter"]
[Result "1/2-1/2"]
[WhiteElo "2110"]
[BlackElo "2122"]
[PlyCount "37"]
[EventDate "2017.11.11"]
[EventType "team-tourn"]
[EventRounds "11"]
[EventCountry "ENG"]
[SourceTitle "EXT 2020"]
[Source "ChessBase"]
[SourceDate "2019.10.17"]
[SourceVersion "1"]
[SourceVersionDate "2019.10.17"]
[SourceQuality "1"]
[WhiteTeam "Manchester Manticores"]
[BlackTeam "Celtic Tigers"]
[WhiteTeamCountry "ENG"]
[BlackTeamCountry "ENG"]

1. c4 Nf6 2. Nc3 c6 3. d4 d5 4. Nf3 e6 5. cxd5 exd5 6. Qc2 Be7 7. Bg5 0-0 8. e3 Ne4 9. Bxe7 Qxe7 10. Bd3 f5 11. 0-0 Be6 12. Rab1 a5 13. Ne5 Nd7 14. Nxd7 Bxd7 15. Na4 Rf6 16. f3 Nd6 17. Rbe1 Raf8 18. Nc5 Bc8 19. a3 1/2-1/2

[Event "BCF-chT2b 1718 (4NCL)"]
[Site "England"]
[Date "2018.01.14"]
[Round "4.66"]
[White "Hynes, Anthony"]
[Black "Jayawarna, Nugith"]
[Result "0-1"]
[WhiteElo "2170"]
[BlackElo "2170"]
[PlyCount "74"]
[EventDate "2017.11.11"]
[EventType "team-tourn"]
[EventRounds "7"]
[EventCountry "ENG"]
[SourceTitle "EXT 2020"]
[Source "ChessBase"]
[SourceDate "2019.10.17"]
[SourceVersion "1"]
[SourceVersionDate "2019.10.17"]
[SourceQuality "1"]
[WhiteTeam "Warwicks Select"]
[BlackTeam "Manchester Manticores"]
[WhiteTeamCountry "ENG"]
[BlackTeamCountry "ENG"]

1. e4 c5 2. Nf3 e6 3. d4 cxd4 4. Nxd4 Nc6 5. Nc3 Qc7 6. Ndb5 Qb8 7. Be3 a6 8. Bb6 axb5 9. Nxb5 Bb4+ 10. c3 Ba5 11. Nc7+ Qxc7 12. Bxc7 Bxc7 13. Qg4 g6 14. f4 Nf6 15. Qf3 b6 16. e5 Nd5 17. Bc4 Nce7 18. 0-0-0 Bb7 19. a3 Ra4 20. Bxd5 Nxd5 21. g3 b5 22. Qd3 Rc4 23. Rhe1 0-0 24. h4 Ba5 25. Kd2 Rfc8 26. Rc1 Bb6 27. Rc2 b4 28. axb4 Nxb4 29. Qxd7 Rd8 30. Qxd8+ Bxd8 31. cxb4 Rxb4 32. Ra1 Bb6 33. Ra3 Kg7 34. Rac3 Be4 35. Rc1 Rxb2+ 36. Kd1 Ba5 37. Rc5 Bf3# 0-1

[Event "Gibraltar U16 op"]
[Site "Caleta"]
[Date "2017.08.18"]
[Round "1"]
[White "Greco, Joseph"]
[Black "Jayawarna, Nugith"]
[Result "0-1"]
[WhiteElo "1610"]
[BlackElo "2057"]
[PlyCount "76"]
[EventDate "2017.08.18"]
[EventType "swiss"]
[EventRounds "6"]
[EventCountry "GGB"]
[SourceTitle "CBM 180 Extra"]
[Source "ChessBase"]
[SourceDate "2017.10.06"]
[SourceVersion "1"]
[SourceVersionDate "2017.10.06"]
[SourceQuality "1"]

1. Nf3 c5 2. g3 Nc6 3. Bg2 g6 4. d3 Bg7 5. Nbd2 d6 6. e4 e5 7. c3 Nge7 8. Qb3 0-0 9. 0-0 Rb8 10. a4 Be6 11. Qc2 h6 12. h4 Qd7 13. Kh2 Kh7 14. Rh1 b6 15. Kg1 f5 16. Bh3 f4 17. Bxe6 Qxe6 18. Kg2 d5 19. Qb3 Na5 20. Qd1 Rbd8 21. b4 cxb4 22. cxb4 Nac6 23. Rb1 Kh8 24. Qb3 fxg3 25. fxg3 Qg4 26. Qd1 dxe4 27. dxe4 Rd3 28. Qe2 Rc3 29. Rh3 Nd8 30. Nd4 Qc8 31. N4b3 Ne6 32. Rh1 Nf4+ 33. gxf4 exf4 34. Nf3 Qg4+ 35. Kf1 Rxf3+ 36. Ke1 Qg3+ 37. Kd1 Rf2 38. Qc4 Qf3+ 0-1

[Event "BCF-ch U16"]
[Site "Llandudno"]
[Date "2017.08.05"]
[Round "7"]
[White "Jayawarna, Nugith"]
[Black "Ercsei, Estera Alexandra"]
[Result "1-0"]
[WhiteElo "2054"]
[BlackElo "1281"]
[PlyCount "59"]
[EventDate "2017.07.30"]
[EventType "swiss"]
[EventRounds "7"]
[EventCountry "WLS"]
[SourceTitle "CBM 179 Extra"]
[Source "ChessBase"]
[SourceDate "2017.08.23"]
[SourceVersion "1"]
[SourceVersionDate "2017.08.23"]
[SourceQuality "1"]

1. c4 Nf6 2. Nc3 d6 3. g3 g6 4. Bg2 Bg7 5. e4 e5 6. Nge2 Nc6 7. d3 0-0 8. 0-0 Ne7 9. h3 Nd7 10. Be3 f5 11. Qd2 Rf7 12. Bg5 Nb6 13. exf5 Bxf5 14. g4 Bc8 15. Nd5 Bf8 16. Nxb6 axb6 17. Bd5 Qe8 18. Bxf7+ Qxf7 19. f4 Qg7 20. fxe5 Qxe5 21. Bf6 Qe6 22. Nd4 Qf7 23. Rae1 Qe8 24. Qg5 h6 25. Qe3 Rxa2 26. Bxe7 Qxe7 27. Qxe7 Bxe7 28. Rxe7 Rxb2 29. Re8+ Kg7 30. Rxc8 1-0

[Event "GBR-ch 104th"]
[Site "Llandudno"]
[Date "2017.08.04"]
[Round "7"]
[White "Jayawarna, Nugith"]
[Black "Stewart, Ashley"]
[Result "0-1"]
[WhiteElo "2054"]
[BlackElo "2111"]
[PlyCount "130"]
[EventDate "2017.07.29"]
[EventType "swiss"]
[EventRounds "9"]
[EventCountry "WLS"]
[SourceTitle "CBM 179 Extra"]
[Source "ChessBase"]
[SourceDate "2017.08.23"]
[SourceVersion "1"]
[SourceVersionDate "2017.08.23"]
[SourceQuality "1"]

1. c4 g6 2. g3 Bg7 3. Bg2 c5 4. Nc3 Nc6 5. e4 e6 6. Nge2 Nge7 7. d3 0-0 8. 0-0 d6 9. h3 a6 10. a4 Rb8 11. f4 Qd7 12. Kh2 b6 13. g4 f5 14. exf5 exf5 15. g5 Bb7 16. Rb1 Rfe8 17. b3 Nd4 18. Nxd4 cxd4 19. Ne2 Bxg2 20. Kxg2 d5 21. Ba3 Nc6 22. Ng3 Re3 23. Bc1 Re6 24. Re1 Rbe8 25. Rxe6 Rxe6 26. Qf3 Nb4 27. Bd2 Na2 28. Qxd5 Qxd5+ 29. cxd5 Rd6 30. Re1 Kf7 31. Re6 Rxe6 32. dxe6+ Kxe6 33. Kf2 Kd5 34. Ke1 Nc3 35. Bxc3 dxc3 36. Ne2 Kc5 37. Kd1 b5 38. axb5 axb5 39. Kc2 b4 40. Kd1 h6 41. gxh6 Bxh6 42. Kc2 Kd5 43. h4 Bf8 44. Ng3 Ke6 45. h5 Kf6 46. hxg6 Kxg6 47. d4 Bd6 48. Ne2 Kh5 49. Kd3 Kg4 50. Ke3 Bf8 51. Nc1 Kg3 52. Ne2+ Kg2 53. d5 Bc5+ 54. Kd3 Kf3 55. Nc1 Kxf4 56. Kc4 Bd6 57. Kd4 Kf3 58. Kd3 Kf2 59. Ne2 Be5 60. Nc1 Ke1 61. Kc2 Bd6 62. Nd3+ Ke2 63. Nc1+ Ke3 64. Kd1 f4 65. Ke1 Kd4 0-1

[Event "GBR-ch 104th"]
[Site "Llandudno"]
[Date "2017.08.03"]
[Round "6"]
[White "Modi, Shyam Jagdish"]
[Black "Jayawarna, Nugith"]
[Result "1/2-1/2"]
[WhiteElo "1908"]
[BlackElo "2054"]
[PlyCount "73"]
[EventDate "2017.07.29"]
[EventType "swiss"]
[EventRounds "9"]
[EventCountry "WLS"]
[SourceTitle "CBM 179 Extra"]
[Source "ChessBase"]
[SourceDate "2017.08.23"]
[SourceVersion "1"]
[SourceVersionDate "2017.08.23"]
[SourceQuality "1"]

1. e4 c5 2. Nf3 e6 3. d4 cxd4 4. Nxd4 Nc6 5. Nb5 d6 6. c4 a6 7. N5c3 Nf6 8. Na3 Be7 9. Be2 0-0 10. Be3 Qc7 11. 0-0 b6 12. Rc1 Ne5 13. f3 Bb7 14. b4 Rac8 15. Qb3 Ned7 16. Rfd1 Qb8 17. Na4 Bd8 18. Kh1 Bc7 19. Bg1 Rfd8 20. c5 dxc5 21. bxc5 Nxc5 22. Nxc5 Rxd1 23. Bxd1 bxc5 24. Rxc5 Bd6 25. Rxc8+ Bxc8 26. Nc4 Qxb3 27. Bxb3 Bc7 28. Nb6 Bb7 29. Ba4 Bd6 30. Be3 Kf8 31. Kg1 Ke7 32. Nc4 Nd7 33. Nxd6 Kxd6 34. Kf2 Bc6 35. Bxc6 Kxc6 36. g4 Kb5 37. Bd4 1/2-1/2

[Event "GBR-ch 104th"]
[Site "Llandudno"]
[Date "2017.08.02"]
[Round "5"]
[White "Jayawarna, Nugith"]
[Black "Cole, James"]
[Result "1/2-1/2"]
[WhiteElo "2054"]
[BlackElo "1950"]
[PlyCount "79"]
[EventDate "2017.07.29"]
[EventType "swiss"]
[EventRounds "9"]
[EventCountry "WLS"]
[SourceTitle "CBM 179 Extra"]
[Source "ChessBase"]
[SourceDate "2017.08.23"]
[SourceVersion "1"]
[SourceVersionDate "2017.08.23"]
[SourceQuality "1"]

1. c4 c5 2. g3 Nf6 3. Bg2 d5 4. cxd5 Nxd5 5. Nc3 Nc7 6. d3 e5 7. Nf3 Nc6 8. 0-0 Be7 9. a3 Be6 10. Bd2 f6 11. Rc1 0-0 12. Na4 Na6 13. Be3 Qa5 14. Nd2 Rad8 15. Qc2 Nd4 16. Bxd4 Rxd4 17. Nc3 Rd7 18. Nc4 Qd8 19. Qa4 Qb8 20. Qb5 Nc7 21. Qxb7 Qxb7 22. Bxb7 Rb8 23. Bc6 Rd4 24. Na4 Bf7 25. f4 exf4 26. Rxf4 Rxf4 27. gxf4 Ne6 28. e3 Rd8 29. Be4 g6 30. Rc3 f5 31. Bc6 g5 32. fxg5 Bxg5 33. b4 cxb4 34. axb4 f4 35. Kf2 Bf6 36. Ra3 fxe3+ 37. Nxe3 Be7 38. Nc2 Nd4 39. Nxd4 Rxd4 40. Ra1 1/2-1/2

[Event "GBR-ch 104th"]
[Site "Llandudno"]
[Date "2017.08.01"]
[Round "4"]
[White "Davis, Lee"]
[Black "Jayawarna, Nugith"]
[Result "0-1"]
[WhiteElo "1952"]
[BlackElo "2054"]
[PlyCount "70"]
[EventDate "2017.07.29"]
[EventType "swiss"]
[EventRounds "9"]
[EventCountry "WLS"]
[SourceTitle "CBM 179 Extra"]
[Source "ChessBase"]
[SourceDate "2017.08.23"]
[SourceVersion "1"]
[SourceVersionDate "2017.08.23"]
[SourceQuality "1"]

1. d4 Nf6 2. Nf3 g6 3. g3 Bg7 4. Bg2 0-0 5. c4 d6 6. 0-0 Nc6 7. Nc3 Rb8 8. h3 a6 9. e4 Nd7 10. Be3 b5 11. cxb5 axb5 12. Rc1 Na5 13. b3 b4 14. Na4 c6 15. Re1 Ba6 16. e5 h6 17. exd6 exd6 18. Qd2 Kh7 19. Bf1 Bxf1 20. Kxf1 Nf6 21. Qd3 Nd5 22. Kg2 f5 23. Bd2 Qf6 24. Nh2 Qxd4 25. Qxd4 Bxd4 26. Re6 Rbd8 27. Nf3 Bg7 28. Be3 Rfe8 29. Rxe8 Rxe8 30. Bd4 Re2 31. Bxg7 Kxg7 32. Nd4 Rxa2 33. Kf3 c5 34. Ne6+ Kf6 35. Nf4 Nxf4 0-1

[Event "BCF-chT3N 1617 (4NCL)"]
[Site "England"]
[Date "2017.05.01"]
[Round "11.13"]
[White "Jayawarna, Nugith"]
[Black "Plaza Reino, Mercedes"]
[Result "1/2-1/2"]
[WhiteElo "2155"]
[BlackElo "1771"]
[PlyCount "111"]
[EventDate "2016.11.26"]
[EventType "team-swiss"]
[EventRounds "11"]
[EventCountry "ENG"]
[SourceTitle "EXT 2019"]
[Source "ChessBase"]
[SourceDate "2018.10.10"]
[SourceVersion "1"]
[SourceVersionDate "2018.10.10"]
[SourceQuality "1"]
[WhiteTeam "Manchester Manticores"]
[BlackTeam "Enniscorthy"]
[WhiteTeamCountry "ENG"]
[BlackTeamCountry "IRL"]

1. c4 e5 2. g3 Nf6 3. Bg2 d5 4. cxd5 Nxd5 5. Nc3 Nb6 6. Nf3 Nc6 7. 0-0 Be7 8. a3 Be6 9. b4 a5 10. b5 Nd4 11. Rb1 f6 12. d3 0-0 13. Nd2 Ra7 14. h3 Qd7 15. Kh2 Rd8 16. a4 Bb4 17. Bb2 Qf7 18. Ba1 Nd7 19. Nce4 b6 20. e3 Nf5 21. Qc2 Nc5 22. Nxc5 Bxc5 23. Rfc1 Ne7 24. Ne4 Bb4 25. Bc3 Nd5 26. Bb2 Qe7 27. Nc3 Qd7 28. Nxd5 Bxd5 29. Bxd5+ Qxd5 30. d4 exd4 31. Bxd4 Bd6 32. Qc4 Qf7 33. Qxf7+ Kxf7 34. Rc6 Rb7 35. Kg2 Rd7 36. f4 Rb8 37. Kf3 Re8 38. Rb2 Bb4 39. Rbc2 Bd6 40. Re2 Bb4 41. Rc4 Red8 42. Rec2 Bd6 43. Ke2 Re8 44. Rd2 Bb4 45. Rd3 Red8 46. Rc1 Bc5 47. Rcd1 Bxd4 48. Rxd4 Rxd4 49. Rxd4 Rxd4 50. exd4 Ke6 51. Kd3 Kd5 52. f5 h5 53. h4 Kd6 54. Ke4 Ke7 55. Kd5 Kd7 56. Kc4 1/2-1/2

[Event "BCF-chT3N 1617 (4NCL)"]
[Site "England"]
[Date "2017.02.12"]
[Round "6.62"]
[White "Collins, Richard Arnold"]
[Black "Jayawarna, Nugith"]
[Result "0-1"]
[WhiteElo "1967"]
[BlackElo "2155"]
[PlyCount "86"]
[EventDate "2016.11.26"]
[EventType "team-swiss"]
[EventRounds "11"]
[EventCountry "ENG"]
[SourceTitle "EXT 2019"]
[Source "ChessBase"]
[SourceDate "2018.10.10"]
[SourceVersion "1"]
[SourceVersionDate "2018.10.10"]
[SourceQuality "1"]
[WhiteTeam "Manchester Manticores III"]
[BlackTeam "Manchester Manticores II"]
[WhiteTeamCountry "ENG"]
[BlackTeamCountry "ENG"]

1. e4 c5 2. Nf3 e6 3. d4 cxd4 4. Nxd4 Nc6 5. Be2 Qc7 6. Nc3 a6 7. 0-0 Nf6 8. Be3 Bb4 9. f3 d5 10. exd5 exd5 11. Nb1 0-0 12. Kh1 Re8 13. Bg1 Qe5 14. Nxc6 bxc6 15. Bd3 Nh5 16. Bf2 Bd6 17. f4 Nxf4 18. Bg3 Qxb2 19. Bxf4 Bxf4 20. Nd2 Qe5 21. Qf3 g5 22. g3 Bg4 23. Qf2 Bh3 24. gxf4 Qxf4 25. Qxf4 gxf4 26. Rxf4 f5 27. Rh4 Re3 28. Rg1+ Kh8 29. Rf4 c5 30. Rf3 Rae8 31. Bxf5 Rxf3 32. Nxf3 Bxf5 33. Rg5 Be4 34. Kg2 Rf8 35. Rg3 Bxf3+ 36. Rxf3 Rxf3 37. Kxf3 Kg7 38. Ke3 Kf6 39. Kf3 Ke5 40. Ke3 d4+ 41. Kd3 Kd5 42. c3 c4+ 43. Kd2 d3 0-1

[Event "Newport Pagnell 4NCL op 11th"]
[Site "Newport Pagnell"]
[Date "2016.11.06"]
[Round "5"]
[White "Jayawarna, Nugith"]
[Black "Roe, Simon J"]
[Result "1/2-1/2"]
[WhiteElo "2057"]
[BlackElo "2210"]
[PlyCount "55"]
[EventDate "2016.11.04"]
[EventType "swiss"]
[EventRounds "5"]
[EventCountry "ENG"]
[SourceTitle "CBM 175 Extra"]
[Source "ChessBase"]
[SourceDate "2016.12.12"]
[SourceVersion "1"]
[SourceVersionDate "2016.12.12"]
[SourceQuality "1"]

1. c4 e6 2. Nc3 d5 3. d4 c5 4. cxd5 exd5 5. Nf3 Nc6 6. g3 c4 7. Bg2 Bb4 8. 0-0 Nge7 9. Bd2 0-0 10. Na4 Bd6 11. b3 cxb3 12. axb3 Bf5 13. Bc3 Rc8 14. Bb2 b6 15. Nc3 a5 16. Rc1 Bb4 17. h3 Re8 18. Nh4 Be6 19. e3 Bxc3 20. Rxc3 Qd7 21. Kh2 Nb4 22. Qd2 Nec6 23. Ba3 Rc7 24. Rfc1 Rec8 25. Nf3 Qd6 26. Bf1 Bf5 27. Nh4 Bd7 28. Nf3 1/2-1/2

[Event "Newport Pagnell 4NCL op 11th"]
[Site "Newport Pagnell"]
[Date "2016.11.06"]
[Round "4"]
[White "Tate, Alan"]
[Black "Jayawarna, Nugith"]
[Result "1/2-1/2"]
[WhiteElo "2341"]
[BlackElo "2057"]
[PlyCount "61"]
[EventDate "2016.11.04"]
[EventType "swiss"]
[EventRounds "5"]
[EventCountry "ENG"]
[SourceTitle "CBM 175 Extra"]
[Source "ChessBase"]
[SourceDate "2016.12.12"]
[SourceVersion "1"]
[SourceVersionDate "2016.12.12"]
[SourceQuality "1"]

1. e4 c5 2. Nf3 e6 3. d4 cxd4 4. Nxd4 Nc6 5. Nc3 Qc7 6. f4 a6 7. Nxc6 Qxc6 8. Bd3 b5 9. Qe2 Bb7 10. Bd2 Be7 11. a3 Rc8 12. 0-0-0 Nf6 13. Kb1 0-0 14. e5 Nd5 15. Nxd5 Qxd5 16. f5 exf5 17. Bxf5 Qc4 18. Rhe1 Qa4 19. Qd3 g6 20. Bxd7 Rfd8 21. e6 f5 22. Qb3 Qxb3 23. cxb3 Be4+ 24. Rxe4 fxe4 25. Bxc8 Rxc8 26. Re1 Rf8 27. Re2 Rf6 28. Rxe4 Rf2 29. Bb4 Bxb4 30. axb4 Kf8 31. Rh4 1/2-1/2

[Event "BCF-ch U15"]
[Site "Bournemouth"]
[Date "2016.08.01"]
[Round "3"]
[White "Kalavannan, Koby"]
[Black "Jayawarna, Nugith"]
[Result "1/2-1/2"]
[WhiteElo "2131"]
[BlackElo "1998"]
[PlyCount "37"]
[EventDate "2016.07.31"]
[EventType "swiss"]
[EventRounds "7"]
[EventCountry "ENG"]
[SourceTitle "CBM 173 Extra"]
[Source "ChessBase"]
[SourceDate "2016.08.29"]
[SourceVersion "1"]
[SourceVersionDate "2016.08.29"]
[SourceQuality "1"]

1. d4 Nf6 2. Nf3 e6 3. c4 Bb4+ 4. Nbd2 d6 5. a3 Bxd2+ 6. Qxd2 Nbd7 7. e3 e5 8. Qc2 0-0 9. Be2 e4 10. Nd2 Re8 11. b4 d5 12. cxd5 Nb6 13. a4 Nbxd5 14. Ba3 Ng4 15. Nc4 Qh4 16. Bxg4 Qxg4 17. 0-0 Qg5 18. Rae1 Bg4 19. Kh1 1/2-1/2

[Event "BCF-ch Week2 PM op"]
[Site "Bournemouth"]
[Date "2016.08.01"]
[Round "1"]
[White "Nayak, Aurideep"]
[Black "Jayawarna, Nugith"]
[Result "0-1"]
[WhiteElo "1619"]
[BlackElo "1998"]
[PlyCount "116"]
[EventDate "2016.08.01"]
[EventType "swiss"]
[EventRounds "5"]
[EventCountry "ENG"]
[SourceTitle "CBM 173 Extra"]
[Source "ChessBase"]
[SourceDate "2016.08.29"]
[SourceVersion "1"]
[SourceVersionDate "2016.08.29"]
[SourceQuality "1"]

1. d4 Nf6 2. Bg5 Ne4 3. Bf4 d5 4. e3 c5 5. Bd3 Nf6 6. Nf3 Nc6 7. 0-0 Bg4 8. h3 Bxf3 9. Qxf3 cxd4 10. exd4 Nxd4 11. Qe3 Nc6 12. Bg5 e6 13. Re1 Be7 14. c3 0-0 15. Qg3 Nh5 16. Qh4 Bxg5 17. Qxh5 g6 18. Qg4 Qf6 19. Qe2 e5 20. Na3 Bh6 21. Rad1 Rad8 22. Bc2 Rfe8 23. Qb5 Qd6 24. Bb3 d4 25. Qxb7 Re7 26. Qb5 Rb8 27. Qd5 Qd7 28. Qxd7 Rxd7 29. Nc4 Bg7 30. Kf1 Rc7 31. Nd2 dxc3 32. bxc3 Na5 33. Rc1 Bh6 34. Ke2 Bxd2 35. Kxd2 Rxb3 36. axb3 Nxb3+ 37. Kc2 Nxc1 38. Rxc1 f6 39. Kb3 Kf7 40. c4 Ke6 41. Ra1 Rb7+ 42. Kc3 f5 43. Ra6+ Kd7 44. c5 Kc8 45. Kc4 Kb8 46. Re6 e4 47. Re8+ Kc7 48. Re7+ Kc8 49. Re8+ Kd7 50. Rh8 Kc6 51. Rf8 Rb2 52. Rf6+ Kc7 53. Rf7+ Kd8 54. c6 Rxf2 55. Kd5 Rd2+ 56. Ke5 e3 57. Rf8+ Kc7 58. Rf7+ Kxc6 0-1

[Event "BCF-chT3Nc 1516 (4NCL)"]
[Site "England"]
[Date "2016.04.30"]
[Round "9.55"]
[White "Jayawarna, Nugith"]
[Black "Watson, Philip R"]
[Result "1/2-1/2"]
[WhiteElo "2050"]
[BlackElo "2181"]
[PlyCount "96"]
[EventDate "2016.03.20"]
[EventType "team-swiss"]
[EventRounds "11"]
[EventCountry "ENG"]
[SourceTitle "EXT 2017"]
[Source "ChessBase"]
[SourceDate "2016.10.25"]
[SourceVersion "1"]
[SourceVersionDate "2016.10.25"]
[SourceQuality "1"]
[WhiteTeam "Manchester Manticores II"]
[BlackTeam "Bradford DCA Knights"]
[WhiteTeamCountry "ENG"]
[BlackTeamCountry "ENG"]

1. c4 c6 2. d4 d5 3. Nf3 e6 4. Nc3 f5 5. g3 Nf6 6. Bg2 Bd6 7. 0-0 Nbd7 8. e3 0-0 9. b3 b6 10. Ne2 Ba6 11. Qc2 Qe7 12. Bb2 Rac8 13. Rfd1 dxc4 14. bxc4 c5 15. Qa4 Nb8 16. Rac1 Qe8 17. Qxe8 Rfxe8 18. d5 exd5 19. Bxf6 gxf6 20. Rxd5 Be5 21. Nh4 Nc6 22. Nxf5 Na5 23. Nd6 Bxd6 24. Rxd6 Rcd8 25. Bd5+ Kg7 26. Rxd8 Rxd8 27. Nf4 Rd6 28. Ne6+ Kg6 29. Nc7 Bb7 30. Bxb7 Nxb7 31. Nd5 f5 32. f3 Kf7 33. Kf2 b5 34. e4 fxe4 35. fxe4 bxc4 36. Rxc4 Ra6 37. Rc2 Ra3 38. Nc3 Nd6 39. Ke2 Ke6 40. Kd3 Ke5 41. h4 h5 42. Ke2 c4 43. Kd1 Nxe4 44. Nxe4 Kxe4 45. Rxc4+ Kf5 46. Rc5+ Kg6 47. Rc6+ Kg7 48. Rc5 Kh6 1/2-1/2